La misión de la pedagogía
Zapisane w:
| 1. autor: | |
|---|---|
| Format: | Książka |
| Język: | hiszpański |
| Wydane: |
Buenos Aires
Columba
1967
|
| Seria: | Nuevos esquemas, 8
|
| Hasła przedmiotowe: | |
| Etykiety: |
Dodaj etykietę
Nie ma etykietki, Dołącz pierwszą etykiete!
|
MARC
| LEADER | 00000nam a2200000 a 4500 | ||
|---|---|---|---|
| 001 | UCY7937 | ||
| 003 | CL-VaPUC | ||
| 008 | 950623e19670913AG |||||||||||||||||spa|d | ||
| 082 | 0 | 4 | |a 370.1 |b ZAN |2 21 |
| 100 | 0 | |a Zanotti, Luis Jorge |e author |9 338892 | |
| 245 | 1 | 3 | |a La misión de la pedagogía |
| 300 | |a 160 p | ||
| 942 | |c BK | ||
| 945 | |d 19950623 00:00:00 |a mfernand | ||
| 260 | |a Buenos Aires |b Columba |c 1967 | ||
| 650 | 0 | |a Filosofía de la educación |9 258384 | |
| 650 | 0 | |a Sociología de la educación |9 260380 | |
| 650 | 0 | |a Pedagogía |9 255351 | |
| 650 | 7 | |a EDUCACION PERMANENTE |2 CL-VaPUC |9 316165 | |
| 650 | 0 | |a Sistemas educacionales |9 324695 | |
| 583 | |a last modification |c 19950623 00:00:00 |k Rodrigo Vera | ||
| 490 | 0 | |a Nuevos esquemas, 8 | |
| 999 | |c 235231 |d 235229 | ||
| 952 | |0 0 |1 0 |4 0 |6 370_100000000000000_ZAN_1967 |7 0 |8 P |9 242497 |a BIBEDU |b BIBEDU |c BIBEDU_PB |d 2019-11-18 |i 1523007 |o 370.1 ZAN 1967 |p 1523007 |r 2024-01-25 |w 2019-11-18 |y BK |k EDU | ||